Prawda czy fałsz - Wilfredo León - Statystyki

Ogólne statystyki
  • Ten quiz został rozwiązany 20 razy
  • Średni wynik to 8 z 17
Statystyki odpowiedzi
Zagadnienie Odpowiedź % Poprawnych
Urodził się 31 lipca 1993 w Santiago de Cuba Prawda
100%
W wieku 17 lat został wybrany na kapitana reprezentacji Kuby Prawda
100%
Na Lidze Narodów zdobył wszystkie trzy medale Prawda
100%
Jego aktualny klub to Jastrzębski Węgiel Fałsz
67%
Jego numer w klubie to 12 Fałsz
67%
Na Igrzyskach Olimpijskich 2024 zdobył złoty medal Fałsz
67%
Gra na pozycji przyjmującego Prawda
67%
Swoją przygodę z siatkówką rozpoczął w Capitalinos Hawana Prawda
67%
Jego wzrost to 203 cm Fałsz
33%
W wieku 15 lat rozpoczął karierę reprezentacyjną Fałsz
33%
W 2014 roku otrzymał polskie obywatelstwo Fałsz
33%
W 2019 roku został Reprezentantem Polski Prawda
33%
Od 2021 roku jest współwłaścicielem klubu Anioły Toruń Prawda
33%
Po raz pierwszy ze swoją przyszłą żoną Małgorzatą Gronkowską spotkał się w 2010 roku Fałsz
0%
Ma dwójkę dzieci Fałsz
0%
Od 2017 jest żonaty Fałsz
0%
W ranking siatkarzy w 2024 roku zajmuje 3 miejsce Fałsz
0%
Nie znaleziono quizów pasujących do podanych kryteriów
Rozkład punktacji
Procent ludzi z każdym wynikiem
Percentyl według liczby udzielonych odpowiedzi
Twoja historia wyników
Nie rozwiązałeś tego quizu